000 00645nam a2200253Ia 4500
003 OSt
005 20221006145340.0
006 a|||||r|||| 00| 0
007 ta
008 221006b |||||||| |||| 00| 0 eng d
020 _c?1.10
024 _a14,548
037 _cTextual
040 _aEASL
_cEASL
_beng
041 _2eng
_aeng
082 _aO41,1D772w, J1
100 _aWALEY Arthur
245 0 _aLife and times of Po Chui 772-846
260 _aLondon
_bGeorge Allen & Unwin
_c1951
300 _a237p.
_ccm.
490 _v CEL
942 _hO41,1D772w, J1
_cTEXL
_2CC
999 _c1082634
_d1082634